000 00840nam a22002777a 4500
001 BR6004983
003 BR-BrBNA
005 20230928095834.0
007 ta
008 230509b bl.||||| |||| 00| 0 por d
040 _aBR-BrBNA
_bpor
_cBiblioteca Nacional de Agricultura
041 _a(Por)
072 _aL73
_b5212
090 _ 5212 BR6004983
100 1 _aHipolito, O.
100 1 _aFigueiredo, J.B.
245 1 _aObservacoes em torno de um foco de tuberculose bovina
260 3 _aRio de Janeiro, GB (Brasil):
_bSociedade Brasileira de Medicina Veterinaria,
_c1945.
300 _a189 p.
500 _aSummary (Eng); Reprint of "Boletim da Sociedade Brasileira de Medicina Veterinaria" 1945
650 _aBovino
650 _aTuberculose
650 _aProfilaxia
909 _a202309
_bLucia
_c55
_dLucia Elande
942 _cBK
999 _c58949
_d58949